| 000 | 00692nam a2200217 a 4500 | ||
|---|---|---|---|
| 005 | 20240925064940.0 | ||
| 008 | 020828s19982008ag r 000 0 spa d | ||
| 020 | _a9507014888 (10 dígitos) | ||
| 020 | _a9789507014888 (13 dígitos) | ||
| 035 | _aUPN01000118695 | ||
| 049 | _aCG | ||
| 050 | 4 |
_aLB1590.3 _bD4.2 |
|
| 245 | 0 | 0 |
_aDebates constructivistas / _cRicardo Baquero ... [et al.]. |
| 260 |
_aCapital Federal, Arg. : _bAique, _c1998. (2008, impr.) |
||
| 300 | _a190 p. | ||
| 440 | 0 | _aPsicología cognitiva y educación | |
| 650 | 2 |
_aConstructivismo (Educación) _91516 |
|
| 650 | 4 |
_aPsicología del aprendizaje _95221 |
|
| 700 | 1 |
_aBaquero, Ricardo, _ecoaut. _934548 |
|
| 905 | _aLibro | ||
| 999 |
_c91061 _d91061 |
||